| 000 | 00654nam a2200229Ia 4500 | ||
|---|---|---|---|
| 003 | OSt | ||
| 005 | 20220925231703.0 | ||
| 006 | a|||||r|||| 00| 0 | ||
| 007 | ta | ||
| 008 | 220923b |||||||| |||| 00| 0 eng d | ||
| 037 | _cGeneral Book | ||
| 040 |
_aRTL _cRTL _beng |
||
| 041 |
_2eng _aeng |
||
| 082 | _aY:4:62(T).3.N6, K8 | ||
| 100 |
_aRoberts Robert _9279910 |
||
| 245 | 0 | _aImprisoned tongues | |
| 260 |
_aManchester _bUniversity Press _c1968 |
||
| 300 |
_avii,214p _ccm. |
||
| 500 | _aAppendix : P 169-212; Glossary : P 213-214 | ||
| 942 |
_hY:4:62(T).3.N6, K8 _cGB _2CC |
||
| 999 |
_c589157 _d589157 |
||